Rihanna Songs as Emojis - Statistics

General Stats
  • This quiz has been taken 228 times
  • The average score is 6 of 10
Answer Stats
Hint Answer % Correct
☂️ Umbrella
99%
💎♦️ Diamonds
85%
🚫🛑🎶 Don't Stop the Music
85%
1️⃣👧(🌎) Only Girl (In The World)
83%
❤️🧠 Love on the Brain
82%
🤫🚙 Shut Up and Drive
46%
🤬👦 Rude Boy
42%
😘🥇 Kiss It Better
37%
🫗⬆️ Pour It Up
32%
🤪💭 Wild Thoughts
30%
No matching quizzes found
Score Distribution
Percent of People with Each Score
Percentile by Number Answered
Your Score History
You have not taken this quiz